000 01371cam a22003734a 4500
999 _c529824
_d529824
001 15389132
003 NUST
005 20191003130919.0
008 080730r20092007nyu 000 1 eng
010 _a 2008033945
020 _a9780312375393
020 _a0312375395
038 _awaseem
040 _aDLC
_cDLC
_dDLC
043 _ae-uk-en
050 0 0 _aPR6056.R456
_bU67 2009
082 0 0 _a823.92
_bFRE
100 1 _aFrench, Nicci.
_912294
245 1 0 _aUntil it's over /
_cNicci French.
250 _a1st U.S. ed.
260 _aNew York :
_bMinotaur Books,
_c2009.
300 _a376 p. ;
_c25 cm.
650 0 _aBicycle messengers
_zEngland
_zLondon
_vFiction.
_922712
650 0 _aMurder
_vFiction.
_922612
650 0 _aRoommates
_vFiction.
_922713
655 0 _aPsychological fiction.
_9953
655 7 _aSuspense fiction.
_2gsafd
_94577
856 4 2 _3Contributor biographical information
_uhttp://www.loc.gov/catdir/enhancements/fy0904/2008033945-b.html
856 4 2 _3Publisher description
_uhttp://www.loc.gov/catdir/enhancements/fy0904/2008033945-d.html
856 4 1 _3Sample text
_uhttp://www.loc.gov/catdir/enhancements/fy0913/2008033945-s.html
906 _a7
_bcbc
_corignew
_d1
_eecip
_f20
_gy-gencatlg
942 _2ddc
_cBK